| 000 | 00576nam a22001937a 4500 | ||
|---|---|---|---|
| 005 | 20141028103806.0 | ||
| 010 | _aENG-111050 | ||
| 020 |
_c200.00 _a9789382536703 |
||
| 020 |
_c200.00 _a9382536701 |
||
| 035 | _aEN-94582 | ||
| 037 | _bDBAD/PUB | ||
| 082 | _aS | ||
| 100 | _aMitra, Ashoke | ||
| 245 |
_aShifting clouds : _cby Ashoke Mitra _ban anthology of short stories / |
||
| 260 |
_aNew Delhi _bLifi Publications _c2014 |
||
| 270 |
_bNew Delhi _e110008 _a211, 2nd floor, Gagandeep, 12 Rajendra Place |
||
| 300 |
_aix,189p. : _c21cm(pbk) _bill. |
||
| 942 |
_2ddc _cEN _mMIT _hS |
||
| 999 |
_c89598 _d89598 |
||